00873cam a22002771 4500001001300000003000400013005001700017008004100034010001700075025001800092035002000110040002100130042001200151050002100163100002600184245006400210250001300274260001000287300002200297500001700319500008300336500004000419600007100459600003200530740003300562sa 68020142 DLC20260227112722.0940714s1963 pk 000 0 sndo  asa 68020142  aPL480:P-Si-50 a(OCoLC)30766784 aDLCcCUdCUdDLC apremarc00aPK2788.9.A2bZ761 aLeghari, Abdul Karim.10aFirāʼidi ʻain Shāha ʻAbdullat̤īfu Bhiṭāʼī. a[1st ed. c1963] a55, 14 p.c18 cm. aCover title. aAdded back cover title: Freud and Shah Abdul Latif!?; blunder by Nain zindagi. aIn Sindhi; introduction in English.20aʻAbd al-Laṭīf,cShah,dapproximately 1689-approximately 1752.10aFreud, Sigmund,d1856-1939.0 aFreud and Shah Abdul Latif!?